00668nam a2200181 a 4500001001000000005001700010008004100027050002400068245012200092260004800214300004100262500003300303500000900336600004400345650002500389650004000414710003200454BRCA_283120190320204004.0091208s1959----nyua---###---#000-0#eng-# 4aND813.S6b.S67 195910aSorolla room pronvinces of Spain by Joaquín Sorolla y Bastida in the collection of the Hispanic Society of America. aNew YorkbHispanic Society of Americac1959 a1 v. (sin paginación)bil.c19 cm. aDatos tomados de la cubierta aAA2414aSorolla y Bastida, Joaquínd1863-192314aPintores españoles14aGalerías y museoszEstados Unidos2 aHispanic Society of America